Glasgow City Centre Streets - Statistics

General Stats
  • This quiz has been taken 320 times
    312 since last reset
  • The average score is 58 of 219
Answer Stats
Group Answer % Correct
Street Argyle St
78%
Other Argyll Arcade
78%
Lane W George Ln
78%
Street W George St
78%
Street Buchanan St
77%
Other Buchanan View
77%
Lane Sauchiehall Ln
77%
Street Sauchiehall St
77%
Square George Sq
76%
Street George St
76%
Street Queen St
69%
Street High St
65%
Lane Bath Ln
61%
Street Bath St
61%
Lane E Bath Ln
61%
Lane St Vincent Ln
57%
Place St Vincent Pl
57%
Street St Vincent St
57%
Street Hope St
54%
Street Jamaica St
54%
Street King St
54%
Lane Renfield Ln
52%
Street Renfield St
52%
Street Clyde St
51%
Street Renfrew St
49%
Square St Enoch Sq
47%
Place Nelson Mandela Pl
46%
Street Cathedral St
45%
Square Blythswood Sq
44%
Street Blythswood St
44%
Street W Nile St
44%
Street Gordon St
43%
Street Ingram St
43%
Court North Ct
43%
Lane North Ct Ln
43%
Place Union Pl
43%
Street Union St
43%
Other Trongate
41%
Road Cowcaddens Rd
39%
Street John St
39%
Lane W Regent Ln
38%
Street W Regent St
38%
Street Hill St
35%
Street N Hanover St
34%
Street Albion St
33%
Lane Bothwell Ln
33%
Street Bothwell St
33%
Road Great Western Rd
33%
Lane Mitchell Ln
33%
Street Mitchell St
33%
Lane Waterloo Ln
33%
Street Waterloo St
33%
Other Bridgegate
32%
Street Bridge St
32%
Street Pitt St
32%
Other Saltmarket
32%
Place Saltmarket Pl
32%
Street Bell St
31%
Street Rose St
31%
Lane Wellington Ln
31%
Street Wellington St
31%
Court Royal Exchange Ct
30%
Square Royal Exchange Sq
30%
Lane Dundas Ln
29%
Street Dundas St
29%
Other New Wynd
29%
Place Stockwell Pl
29%
Street Stockwell St
29%
Street Miller St
28%
Street Black St
27%
Other Broomielaw
27%
Other Candleriggs
27%
Street Cochrane St
27%
Street Hanover St
27%
Street Montrose St
27%
Other Rottenrow
27%
Other Rottenrow E
27%
Street Cadogan St
26%
Street Castle St
26%
Street Garnet St
26%
Street Glassford St
26%
Other M8
26%
Street W Campbell St
26%
Lane Merchant Ln
25%
Street N Frederick St
25%
Street Oswald St
25%
Street William St
25%
Street Cambridge St
24%
Street Howard St
24%
Street Killermont St
24%
Street Mart St
24%
Place Royal Bank Pl
24%
Road Stirling Rd
24%
Court Virginia Ct
24%
Place Virginia Pl
24%
Street Virginia St
24%
Street Brown St
23%
Other Dobbie’s Loan
23%
Place Dobbie’s Loan Pl
23%
Other Old Wynd
23%
Street Osborne St
23%
Street S Frederick St
23%
Street Washington St
23%
Street Wilson St
23%
Lane Buccleuch Ln
22%
Street Buccleuch St
22%
Street Martha St
22%
Street N Wallace St
22%
Street Scott St
22%
Street W Graham St
22%
Street Baird St
21%
Other Elmbank Cres
21%
Street Elmbank St
21%
Lane Elmbank St Ln
21%
Street Fox St
21%
Place Port Dundas Pl
21%
Road Port Dundas Rd
21%
Road St James Rd
21%
Other St Mungo Ave
21%
Place St Mungo Pl
21%
Street York St
21%
Lane Douglas Ln
20%
Street Douglas St
20%
Street Drury St
20%
Other Kennedy Path
20%
Street Kennedy St
20%
Street Stewart St
20%
Road St George’s Rd
20%
Place Taylor Pl
20%
Street Taylor St
20%
Street Dunblane St
19%
Street Dunlop St
19%
Street Garnethill St
19%
Road Garscube Rd
19%
Street Newton St
19%
Street Oak St
19%
Street Parnie St
19%
Lane Anchor Ln
18%
Street College St
18%
Street James Watt St
18%
Street Maitland St
18%
Street Milton St
18%
Lane Robertson Ln
18%
Street Robertson St
18%
Street Shuttle St
18%
Lane Aird’s Ln
17%
Other Anderston Quay
17%
Street Blackfriars St
17%
Street Crimea St
17%
Lane Dalhousie Ln
17%
Street Dalhousie St
17%
Place Exchange Pl
17%
Street Garth St
17%
Street Holm St
17%
Street India St
17%
Court S Exchange Ct
17%
Street Brunswick St
16%
Road Dundasvale Rd
16%
Court Glebe Ct
16%
Street Glebe St
16%
Street Holland St
16%
Court King’s Ct
16%
Road New City Rd
16%
Street Stafford St
16%
Lane Tontine Ln
16%
Street Collins St
15%
Street Hutcheson St
15%
Street Carrick St
14%
Other Goosedubbs
14%
Street Parson St
14%
Street Richmond St
14%
Lane Bishop Ln
13%
Street Bishop St
13%
Street Calgary St
13%
Street Dixon St
13%
Street Kyle St
13%
Street McAlpine St
13%
Road Phoenix Rd
13%
Lane Adams Ct Ln
12%
Street Maxwell St
12%
Street Midland St
12%
Street Nicholas St
12%
Street Cadzow St
11%
Street Canal St
11%
Place Couper Pl
11%
Street Couper St
11%
Street Crown St
11%
Street Gorbals St
11%
Square Jocelyn Sq
11%
Street Lister St
11%
Court McAslin Ct
11%
Street McAslin St
11%
Street McPhater St
11%
Street N Portland St
11%
Street Renton St
11%
Lane Ropework Ln
11%
Street Shamrock St
11%
Court Springfield Ct
11%
Street Walls St
11%
Street Balaclava St
10%
Street Glenmavis St
10%
Street Larbert St
10%
Square Atlantic Sq
9%
Court Caledonian Ct
9%
Place Grafton Pl
9%
Place St Margaret’s Pl
9%
Street Tyndrum St
9%
Street Chisholm St
8%
Road Craighall Rd
8%
Lane Metropole Ln
8%
Lane St Mary’s Ln
8%
Street Swan St
8%
Court Birkbeck Ct
7%
Lane St Peter’s Ln
7%
Street Commerce St
6%
Lane National Bank Ln
6%
Lane Shipbank Ln
6%
Lane Citizen Ln
5%
Street Weaver St
4%
No matching quizzes found
Score Distribution
Percent of People with Each Score
Percentile by Number Answered
Your Score History
You have not taken this quiz since the last reset